COMPUTER GRAPHICS :PRINCIPLES AND PRACTICE IN C (Record no. 14030)

MARC details
000 -LEADER
fixed length control field 00360nam a22001577a 4500
003 - CONTROL NUMBER IDENTIFIER
control field SGT
020 ## - INTERNATIONAL STANDARD BOOK NUMBER
International Standard Book Number 978-81-317-0505-6
082 ## - DEWEY DECIMAL CLASSIFICATION NUMBER
Classification number 621.3996
Item number FOL
100 ## - MAIN ENTRY--PERSONAL NAME
Personal name FOLEY,JAMES.D.
245 ## - TITLE STATEMENT
Title COMPUTER GRAPHICS :PRINCIPLES AND PRACTICE IN C
250 ## - EDITION STATEMENT
Edition statement 14TH
260 ## - PUBLICATION, DISTRIBUTION, ETC. (IMPRINT)
Place of publication, distribution, etc NEW DELHI
Name of publisher, distributor, etc PEARSON
Year of Publication 2013
300 ## - PAGE DESCRIPTION
No. of Pages 1158
650 ## - SUBJECT ADDED ENTRY--TOPICAL TERM
Topical term or geographic name as entry element CSE
942 ## - ADDED ENTRY ELEMENTS (KOHA)
Source of classification or shelving scheme Dewey Decimal Classification
Koha item type Books
942 ## - ADDED ENTRY ELEMENTS (KOHA)
-- 1
Holdings
Withdrawn status Lost status Source of classification or shelving scheme Damaged status Not for loan Collection code Home library Current library Shelving location Date acquired Vendor Name Cost, normal purchase price SGTU Bill Number Total Checkouts Full call number Accession No. (Barcode) Date last seen Bill Date Koha item type Date last borrowed
    Dewey Decimal Classification     ENGINEERING SGT Engineering Library SGT Engineering Library Text Book 20/12/2017 KIRTI PRAKASHAN 999.00 SGTU IN1297   621.3996 FOL FE6712 20/12/2017   Books  
    Dewey Decimal Classification     ENGINEERING SGT Engineering Library SGT Engineering Library Text Book 20/12/2017 KIRTI PRAKASHAN 999.00 SGTU IN1297   621.3996 FOL FE6713 20/12/2017   Books  
    Dewey Decimal Classification     ENGINEERING SGT Engineering Library SGT Engineering Library Text Book 20/12/2017 KIRTI PRAKASHAN 999.00 SGTU IN1297   621.3996 FOL FE6714 20/12/2017   Books  
    Dewey Decimal Classification     ENGINEERING SGT Engineering Library SGT Engineering Library Text Book 20/12/2017 KIRTI PRAKASHAN 999.00 SGTU IN1297 1 621.3996 FOL FE6715 18/07/2022   Books 15/07/2022
    Dewey Decimal Classification     ENGINEERING SGT Engineering Library SGT Engineering Library Text Book 20/12/2017 KIRTI PRAKASHAN 999.00 SGTU IN1297   621.3996 FOL FE6716 20/12/2017   Books